| 000 | 00329nam a22001217a 4500 | ||
|---|---|---|---|
| 008 | 260601b |||||||| |||| 00| 0 eng d | ||
| 082 | _a001848 | ||
| 100 | _a Puranik,Hayavadana | ||
| 245 | _aBheda Tarangini of Sri Ranganatha Suri | ||
| 260 |
_aBangalore _bPoornaprajna Samshodhana Mandiram _c2004 |
||
| 300 | _a165p | ||
| 942 | _2ddc | ||
| 999 |
_c1516 _d1516 |
||